Insight into IELTS : (Record no. 522802)
[ view plain ]
| 000 -LEADER | |
|---|---|
| fixed length control field | 01557cam a2200361 a 4500 |
| 001 - CONTROL NUMBER | |
| control field | 14449576 |
| 003 - CONTROL NUMBER IDENTIFIER | |
| control field | NUST |
| 005 - DATE AND TIME OF LATEST TRANSACTION | |
| control field | 20190122112950.0 |
| 008 - FIXED-LENGTH DATA ELEMENTS--GENERAL INFORMATION | |
| fixed length control field | 010912s2001 enka 000 0 eng d |
| 010 ## - LIBRARY OF CONGRESS CONTROL NUMBER | |
| LC control number | 2006389824 |
| 015 ## - NATIONAL BIBLIOGRAPHY NUMBER | |
| National bibliography number | GBA1-V5773 |
| 035 ## - SYSTEM CONTROL NUMBER | |
| System control number | (OCoLC)ocm47983907 |
| 038 ## - RECORD CONTENT LICENSOR | |
| Staff Name | Tanveer |
| 040 ## - CATALOGING SOURCE | |
| Original cataloging agency | UKM |
| Transcribing agency | UKM |
| Modifying agency | BAKER |
| -- | GK8 |
| -- | DLC |
| 042 ## - AUTHENTICATION CODE | |
| Authentication code | lccopycat |
| 050 00 - LIBRARY OF CONGRESS CALL NUMBER | |
| Classification number | PE1128 |
| Item number | .J27 2001 |
| 082 04 - DEWEY DECIMAL CLASSIFICATION NUMBER | |
| Classification number | 428.24076 |
| Author Mark | CAM |
| 100 1# - MAIN ENTRY--PERSONAL NAME | |
| Personal name | Jakeman, Vanessa. |
| 9 (RLIN) | 13111 |
| 245 10 - TITLE STATEMENT | |
| Title | Insight into IELTS : |
| Remainder of title | Extra with answers / |
| Statement of responsibility, etc. | Cambridge |
| 260 ## - PUBLICATION, DISTRIBUTION, ETC. | |
| Place of publication, distribution, etc. | Cambridge : |
| Name of publisher, distributor, etc. | Cambridge University Press, |
| Date of publication, distribution, etc. | 2001 |
| Date of manufacture | (2004 printing) |
| 300 ## - PHYSICAL DESCRIPTION | |
| Extent | 192 p. : |
| Other physical details | col. ill. ; |
| Dimensions | 28 cm. + |
| Accompanying material | 2 sound discs (digital ; 4 3/4 in.) |
| 500 ## - GENERAL NOTE | |
| General note | Previous ed.: 1999. |
| 520 ## - SUMMARY, ETC. | |
| Summary, etc. | Insight into IELTS offers comprehensive preparation for the IELTS examination, developing skills, language and familiarity with the test format for each paper progressively. |
| 650 #0 - SUBJECT ADDED ENTRY--TOPICAL TERM | |
| Topical term or geographic name entry element | International English Language Testing System. |
| 9 (RLIN) | 13112 |
| 650 #0 - SUBJECT ADDED ENTRY--TOPICAL TERM | |
| Topical term or geographic name entry element | English language |
| General subdivision | Textbooks for foreign speakers |
| Form subdivision | Study guides. |
| 9 (RLIN) | 13113 |
| 650 #0 - SUBJECT ADDED ENTRY--TOPICAL TERM | |
| Topical term or geographic name entry element | Universities and colleges |
| General subdivision | Entrance examinations. |
| 9 (RLIN) | 13114 |
| 700 1# - ADDED ENTRY--PERSONAL NAME | |
| Personal name | McDowell, Clare. |
| 9 (RLIN) | 13115 |
| 856 42 - ELECTRONIC LOCATION AND ACCESS | |
| Materials specified | Publisher description |
| Uniform Resource Identifier | <a href="http://www.loc.gov/catdir/enhancements/fy0664/2006389824-d.html">http://www.loc.gov/catdir/enhancements/fy0664/2006389824-d.html</a> |
| 856 41 - ELECTRONIC LOCATION AND ACCESS | |
| Materials specified | Table of contents only |
| Uniform Resource Identifier | <a href="http://www.loc.gov/catdir/enhancements/fy0664/2006389824-t.html">http://www.loc.gov/catdir/enhancements/fy0664/2006389824-t.html</a> |
| 906 ## - LOCAL DATA ELEMENT F, LDF (RLIN) | |
| a | 7 |
| b | cbc |
| c | copycat |
| d | 2 |
| e | ncip |
| f | 20 |
| g | y-gencatlg |
| 942 ## - ADDED ENTRY ELEMENTS (KOHA) | |
| Source of classification or shelving scheme | |
| Koha item type | Book |
| Withdrawn status | Lost status | Source of classification or shelving scheme | Damaged status | Not for loan | Permanent Location | Current Location | Date acquired | Source of acquisition | Total Checkouts | Total Renewals | Full call number | Barcode | Checked out | Date last seen | Date last checked out | Price effective from | Koha item type |
|---|---|---|---|---|---|---|---|---|---|---|---|---|---|---|---|---|---|
| Central Library (CL) | Central Library (CL) | 05/11/2022 | Donation | 6 | 5 | 428.24076 CAM | CL-D-1723 | 07/14/2026 | 03/16/2026 | 03/16/2026 | 05/11/2022 | Book |
